| 000 | 01107cab a2200337 4500 | ||
|---|---|---|---|
| 001 | ABS59273 | ||
| 008 | 090401t1998 xxu||||| |||| 00| 0 eng d | ||
| 035 | _a(Sirsi) u88593 | ||
| 041 | _aeng | ||
| 245 | _aFocus: North East | ||
| 260 | _c1998 | ||
| 350 | _a0 | ||
| 490 |
_aEstates Gazette _v(9838) 19 September 1998, 93-127(18) |
||
| 520 | _aAn overview of the North East region of England, looking at the industrial, office and retail property markets of Tyne and Wear, Teeside, Durham and Darlington. | ||
| 650 | _aDARLINGTON | ||
| 650 | _aDEVELOPERS | ||
| 650 | _aDURHAM | ||
| 650 | _aINDUSTRIAL MARKET | ||
| 650 | _aLEISURE MARKET | ||
| 650 | _aNORTHEAST ENGLAND | ||
| 650 | _aNORTHUMBERLAND | ||
| 650 | _aPROPERTY-COMMERCIAL PROPERTY-OFFICE PROPERTY-OFFICE PROPERTY MARKET | ||
| 650 | _aPROPERTY-COMMERCIAL PROPERTY-RETAIL PROPERTY-RETAIL PROPERTY MARKET | ||
| 650 | _aSTOCKTON-ON-TEES | ||
| 650 | _aSUNDERLAND | ||
| 650 | _aTEESSIDE | ||
| 650 | _aTYNE AND WEAR | ||
| 690 | _aPROPERTY-COMMERCIAL PROPERTY-COMMERCIAL PROPERTY MARKET | ||
| 942 | _n0 | ||
| 948 | _c23/09/1998 | ||
| 999 |
_c56002 _d56002 |
||